00827nam a2200193 i 450000100060000000300090000600500170001500700030003200800410003510000450007624502150012126000410033630000210037749000310039883000370042985200300046699900170049695201200051397245ES-MaACL20260525062930.0t|050708s1947 ag ||||1| spa d1 aMarañón, Gregorio,d1887-196097631110aEspañoles fuera de Españab: influencia de Francia en la política española a través de los emigrados: el destierro de Garcilaso de la Vega: Luis Vives, su patria y su universo /cGregorio Marañón. aBuenos Aires :bEspasa-Calpe,c1947. a164 p. ;c18 cm.1 aColección austral ;v7100 aColección australv7109177655 aES-MaACLjC-4910bR.25674 c97245d97245 00104070aATENEOMbATENEOMcSPALd2008-01-17eSCl0oC-4910p1101521r2023-02-23 00:00:00w2023-02-23yMONOGRAFIA